[Event "Krakow op-B 23rd"]
[Site "Krakow"]
[Date "2012.12.30"]
[Round "5"]
[White "Matysiak, Samuel"]
[Black "Parol, Pawel"]
[Result "0-1"]
[WhiteElo "1811"]
[BlackElo "1984"]
[PlyCount "54"]
[EventDate "2012.12.27"]
[EventType "swiss"]
[EventRounds "9"]
[EventCountry "POL"]
[SourceTitle "CBM 152 Extra"]
[Source "ChessBase"]
[SourceDate "2013.02.25"]
[SourceVersion "1"]
[SourceVersionDate "2013.02.25"]
[SourceQuality "1"]

1. Nf3 e6 2. b3 Be7 3. Bb2 Bf6 4. d4 d5 5. e3 Ne7 6. Nbd2 c5 7. c4 Nbc6 8. Rc1 cxd4 9. Nxd4 Nxd4 10. Bxd4 Bxd4 11. exd4 dxc4 12. Rxc4 Bd7 13. Rc2 Bc6 14. Nf3 Nf5 15. Rd2 Qa5 16. Be2 Bxf3 17. Bxf3 Nxd4 18. Bxb7 Rd8 19. f4 0-0 20. Be4 Nb5 21. Qc2 Rd4 22. Bxh7+ Kh8 23. Bd3 Na3 24. Qc1 Rxd3 25. Ke2 Qxd2+ 26. Qxd2 Rxd2+ 27. Kxd2 Rc8 0-1

[Event "POL-ch U16"]
[Site "Murzasichle"]
[Date "2011.03.07"]
[Round "4"]
[White "Adamczewski, Jedrzej"]
[Black "Matysiak, Samuel"]
[Result "1-0"]
[WhiteElo "1876"]
[BlackElo "1873"]
[PlyCount "45"]
[EventDate "2011.03.05"]
[EventType "swiss"]
[EventRounds "9"]
[EventCountry "POL"]
[SourceTitle "EXT 2012"]
[Source "ChessBase"]
[SourceDate "2011.11.24"]
[SourceVersion "1"]
[SourceVersionDate "2011.11.24"]
[SourceQuality "1"]

1. e4 c5 2. Nf3 e6 3. d4 cxd4 4. Nxd4 a6 5. Bd3 Nf6 6. 0-0 Nc6 7. Be3 d5 8. exd5 exd5 9. Re1 Be6 10. Bf5 Nxd4 11. Bxd4 Qd6 12. Qe2 Kd7 13. Bxe6+ fxe6 14. c4 dxc4 15. Bxf6 Qc6 16. Be5 Bc5 17. Nc3 Raf8 18. Rad1+ Kc8 19. Bd4 Rf4 20. Bxc5 Qxc5 21. Qxe6+ Kb8 22. Ne4 Qb4 23. Qe5+ 1-0

[Event "POL-ch U14"]
[Site "Sekocin Stary"]
[Date "2010.05.03"]
[Round "5"]
[White "Ziemba, Artur"]
[Black "Matysiak, Samuel"]
[Result "0-1"]
[WhiteElo "1670"]
[BlackElo "1798"]
[PlyCount "66"]
[EventDate "2010.05.01"]
[EventType "swiss"]
[EventRounds "10"]
[EventCountry "POL"]
[SourceTitle "EXT 2011"]
[Source "ChessBase"]
[SourceDate "2010.11.26"]
[SourceVersion "1"]
[SourceVersionDate "2010.11.26"]
[SourceQuality "1"]

1. d4 d5 2. c4 dxc4 3. e3 a6 4. Bxc4 e6 5. Nc3 c5 6. Nf3 Nf6 7. 0-0 b5 8. Be2 Bb7 9. a3 Nbd7 10. Qc2 Rc8 11. dxc5 Nxc5 12. Bd2 Bd6 13. Rac1 0-0 14. Rfd1 Qe7 15. b4 Nce4 16. Qb2 Nxd2 17. Rxd2 Nd5 18. Ne4 Rxc1+ 19. Qxc1 Rc8 20. Qd1 Bb8 21. Nc5 g6 22. Nxb7 Qxb7 23. e4 Nc3 24. Rd8+ Kg7 25. Rd7 Qxe4 26. Qd4+ Qxd4 27. Nxd4 e5 28. Ne6+ Kf6 29. Nd8 Nxe2+ 30. Kf1 Nf4 31. Rxf7+ Kg5 32. h4+ Kg4 33. f3+ Kg3 0-1

[Event "POL-ch U14"]
[Site "Sekocin Stary"]
[Date "2010.05.02"]
[Round "2"]
[White "Mirski, Michal"]
[Black "Matysiak, Samuel"]
[Result "0-1"]
[WhiteElo "1710"]
[BlackElo "1798"]
[PlyCount "72"]
[EventDate "2010.05.01"]
[EventType "swiss"]
[EventRounds "10"]
[EventCountry "POL"]
[SourceTitle "EXT 2011"]
[Source "ChessBase"]
[SourceDate "2010.11.26"]
[SourceVersion "1"]
[SourceVersionDate "2010.11.26"]
[SourceQuality "1"]

1. e4 c5 2. Nf3 e6 3. d4 cxd4 4. Nxd4 a6 5. Bd3 g6 6. 0-0 Bg7 7. Ne2 Ne7 8. Nbc3 Nbc6 9. Be3 0-0 10. Qd2 f5 11. exf5 Nxf5 12. Bxf5 Rxf5 13. Ng3 Rf7 14. Bh6 d5 15. Bxg7 Kxg7 16. Rad1 Qc7 17. Qg5 Bd7 18. a3 Raf8 19. Qd2 b5 20. Nce2 Qb6 21. Nd4 e5 22. Nf3 Rxf3 23. gxf3 Nd4 24. Kg2 Nxf3 25. Qb4 Rf4 26. Qe7+ Rf7 27. Qxf7+ Kxf7 28. Kxf3 Bh3 29. Rfe1 Qf6+ 30. Ke2 Bg4+ 31. Kd2 Qf4+ 32. Kc3 d4+ 33. Kd3 Be6 34. b3 Qf3+ 35. Kd2 Qc3+ 36. Kc1 d3 0-1

[Event "Chrzanow 11th"]
[Site "Chrzanow"]
[Date "2008.09.15"]
[Round "9.1"]
[White "Matysiak, Samuel"]
[Black "Bednarczyk, Damian"]
[Result "1/2-1/2"]
[WhiteElo "1658"]
[BlackElo "1837"]
[PlyCount "28"]
[EventDate "2008.09.11"]
[EventType "tourn"]
[EventRounds "9"]
[EventCountry "POL"]
[SourceTitle "EXT 2023"]
[Source "ChessBase"]
[SourceDate "2022.10.05"]
[SourceVersion "1"]
[SourceVersionDate "2022.10.05"]
[SourceQuality "1"]

1. e4 c5 2. Nf3 Nc6 3. d4 cxd4 4. Nxd4 Nf6 5. Nc3 d6 6. f3 a6 7. Nb3 h6 8. Be3 e6 9. Be2 Be7 10. 0-0 0-0 11. Qd2 d5 12. exd5 Nxd5 13. Ne4 Nxe3 14. Qxe3 Qc7 1/2-1/2

[Event "Chrzanow 11th"]
[Site "Chrzanow"]
[Date "2008.09.15"]
[Round "8.5"]
[White "Peronczyk, Karol"]
[Black "Matysiak, Samuel"]
[Result "0-1"]
[WhiteElo "1611"]
[BlackElo "1658"]
[PlyCount "84"]
[EventDate "2008.09.11"]
[EventType "tourn"]
[EventRounds "9"]
[EventCountry "POL"]
[SourceTitle "EXT 2023"]
[Source "ChessBase"]
[SourceDate "2022.10.05"]
[SourceVersion "1"]
[SourceVersionDate "2022.10.05"]
[SourceQuality "1"]

1. e4 c5 2. Nf3 e6 3. d4 cxd4 4. Nxd4 a6 5. Bd3 Nf6 6. 0-0 Bc5 7. Nb3 Be7 8. Nc3 Nc6 9. Re1 d6 10. Bg5 Qc7 11. Re3 b5 12. a3 Bb7 13. Rg3 Rc8 14. Be3 Ne5 15. f4 Nc4 16. Bc1 d5 17. e5 Nd7 18. Rxg7 Nc5 19. Qh5 Bf8 20. Rxh7 Nxd3 21. cxd3 Rxh7 22. Qxh7 Nxa3 23. Bd2 Qb6+ 24. Kh1 Nc2 25. Rf1 Ne3 26. Re1 Nc2 27. Rf1 b4 28. Ne2 Ne3 29. Rg1 Rc2 30. d4 Rxb2 31. Bxe3 Rxb3 32. Bc1 a5 33. Qc2 a4 34. Qa2 Qb5 35. Rd1 Bc6 36. h4 Qc4 37. Rd2 Rd3 38. Rc2 Qxa2 39. Rxa2 Bb5 40. Ng1 Rxd4 41. h5 Rd1 42. Rc2 Bc4 0-1

[Event "Chrzanow 11th"]
[Site "Chrzanow"]
[Date "2008.09.13"]
[Round "7.2"]
[White "Matysiak, Samuel"]
[Black "Sadzikowski, Daniel"]
[Result "0-1"]
[WhiteElo "1658"]
[BlackElo "2140"]
[PlyCount "56"]
[EventDate "2008.09.11"]
[EventType "tourn"]
[EventRounds "9"]
[EventCountry "POL"]
[SourceTitle "EXT 2023"]
[Source "ChessBase"]
[SourceDate "2022.10.05"]
[SourceVersion "1"]
[SourceVersionDate "2022.10.05"]
[SourceQuality "1"]

1. e4 c5 2. Nf3 d6 3. d4 cxd4 4. Qxd4 Nc6 5. Bb5 Bd7 6. Bxc6 Bxc6 7. Nc3 Nf6 8. Bg5 e6 9. Bxf6 Qxf6 10. Qd2 Be7 11. h4 a6 12. Qe3 Qh6 13. Qe2 Qh5 14. g4 Qxg4 15. Rg1 Qf4 16. Nd4 Qxh4 17. Nxc6 bxc6 18. 0-0-0 0-0 19. Rg4 Qh6+ 20. f4 Rab8 21. Qg2 g6 22. Rh1 Qg7 23. f5 Bf6 24. Qd2 Rxb2 25. fxg6 fxg6 26. Qxd6 Bxc3 27. Qxe6+ Qf7 28. Rxg6+ hxg6 0-1